Statistics for Most Obese Countries in Africa

Click here to take the quiz!

General Stats

  • This quiz has been taken 18 times
  • The average score is 12 of 15

Answer Stats

%Country% Correct
27.7Algeria
100%
26.5Morocco
100%
28.4South Africa
100%
13.7Mauritania
94%
17.2Namibia
94%
26.9Tunisia
94%
32.6Egypt
82%
32.2Libya
82%
19.0Botswana
76%
15.5Zimbabwe
76%
16.9Lesotho
71%
12.9Djibouti
65%
15.0Gabon
65%
14.3Seychelles
65%
16.5Eswatini
59%

Score Distribution

Percentile by Number Answered

Percent of People with Each Score

Your Score History

You have not taken this quiz